000 00665nam a2200217 i 4500
001 bg
245 0 0 _aZamek Królewski w Warszawie /
_c[teksty Andrzej Rottermund [et al.] ].
260 _aWarszawa :
_bRzeczpospolita,
_bHPS,
_ccop. 2007.
300 _a142, [1] s. :
_bil. kolor. ;
_c25 cm.
610 2 9 _aZamek Królewski - Pomnik Historii i Kultury Narodowej (Warszawa)
_xzbiory
700 1 _aRottermund, Andrzej.
830 _aWielkie Muzea : Polska
020 _a9788360688519
040 _cBPK
041 _apol
044 _aPOL
080 _a7(4):069.5(438)
920 _a978-83-60688-51-9
942 _cKS
008 s pl f |000 0 pol
999 _c56115
_d56115
856 _uhttp://koha.tu.koszalin.pl/cgi-bin/koha/opac-detail.pl?biblionumber=56115
_yKatalog online BPK